Concise law dictionary: (Record no. 155565)

MARC details
000 -LEADER
fixed length control field 00663nam a22001937a 4500
005 - DATE AND TIME OF LATEST TRANSACTION
control field 20180806161430.0
010 ## - LCCN (DPL NO)
LC control number ENG-123819
020 ## - INTERNATIONAL STANDARD BOOK NUMBER
International Standard Book Number 9789386515445
Terms of availability 895.00
035 ## - SYSTEM CONTROL NUMBER
System control number EN-107351
037 ## - SOURCE OF ACQUISITION
Source of stock number/acquisition DBAD/PUB
082 ## - DEWEY DECIMAL CLASSIFICATION NUMBER
Classification number 349.4203
100 ## - MAIN ENTRY--PERSONAL NAME
Personal name Aiyar's, P Ramanatha
245 ## - TITLE STATEMENT
Title Concise law dictionary:
Remainder of title with legal maxims, latin terms and words & phrases /
Statement of responsibility, etc by P Ramanatha Aiyar's
250 ## - EDITION STATEMENT
Edition statement 6th ed.
260 ## - PUBLICATION, DISTRIBUTION, ETC. (IMPRINT)
Place of publication, distribution, etc Gurgaon (Haryana)
Name of publisher, distributor, etc LexisNexis
Date of publication, distribution, etc 2018
270 ## - ADDRESS
Address 14th Floor, Building No-10, Tower-B, DLF Cyber City, Phase-II,
City Gurgaon (Haryana)
Postal code 122002
300 ## - PHYSICAL DESCRIPTION
Extent xix,1406p.
Dimensions 21cm.(pbk)
942 ## - ADDED ENTRY ELEMENTS (KOHA)
Source of classification or shelving scheme Dewey Decimal Classification
Item type English Books
Classification part 349.4203
Call number suffix AIY
Holdings
Withdrawn status Lost status Not for loan Collection code Home library Current library Date acquired Source of acquisition Cost, normal purchase price Full call number Barcode Copy number Cost, replacement price Koha item type
    Not For Loan Non-fiction D.B.Act.Division Bawana 06/08/2018 DBAD/PUB 895.00 349.4203 AIY EN-107351 1 895.00 English Books

© Delhi Public Library
Hit Counter
free hit counter